Classics of organization theory / (Record no. 8397)
[ view plain ]
| 000 -LEADER | |
|---|---|
| fixed length control field | 00999pam a2200193 a 4500 |
| 020 ## - INTERNATIONAL STANDARD BOOK NUMBER | |
| ISBN | 0534173047 |
| 050 00 - CALL NUMBER | |
| Classification number | HD31 |
| Item number | .C56 |
| 245 00 - TITLE | |
| Title | Classics of organization theory / |
| Statement of responsibility, etc | [edited by] Jay M. Shafritz, J. Steven Ott. |
| 250 ## - EDITION | |
| Edition statement | 3rd ed. |
| 260 ## - PUBLICATION INFORMATION | |
| Place of publication | Pacific Grove, CA : |
| Name of publisher | Brooks/Cole Pub. Co., |
| Year of publication | c1992. |
| 300 ## - DESCRIPTION | |
| Number of Pages | ix, 534 p. : |
| Other physical details | ill. ; |
| Dimensions | 23 cm. |
| 440 #0 - SERIES | |
| SERIES | Brooks/Cole series in public administration |
| 505 ## - FORMATTED CONTENTS NOTE | |
| Table of Content | 1. Introduction <br/>2. Classical Organization Theory <br/>3. Neoclassical Organization Theory <br/>4. The Organization Behavior Perspective or Human Resource Theory <br/>5. Modern Structural Organization Theory <br/>6. System Contingency and Population Ecology Organization Theory <br/>7. Multiple Constituencies/ Market Organization Theory <br/>8. Power and Politics Organization Theory<br/>9. Organizational Culture and Symbolic Management Organization Theory <br/> |
| 650 #0 - SUBJECTS | |
| Topical Term | Organization. |
| 650 #0 - SUBJECTS | |
| Topical Term | Management. |
| 700 1# - OTHER AUTHORS | |
| Personal name | Shafritz, Jay M. |
| 700 1# - OTHER AUTHORS | |
| Personal name | Ott, J. Steven. |
| 942 ## - ADDED ENTRY ELEMENTS (KOHA) | |
| Koha item type | Books |
| Withdrawn status | Lost status | Collection code | Home library | Current library | Shelving location | Date acquired | Source of acquisition | Full call number | Accession Number | Koha item type |
|---|---|---|---|---|---|---|---|---|---|---|
| Reference | Methodist University Library Tema | Methodist University Library Tema | General Stacks | 28/09/2024 | Donated by Professor Dr. Augustus Abbey | HD31 .C56 | 8935 | Books |